000 00782nam a2200181Ia 4500
008 090124s9999 xx 000 0 und d
082 _b129436
100 _aकर्णिक रमेश
245 _a रविचंद्र ( इष्ट अनिष्ट फले मार्गदर्शन व उपासना )
250 _a2
260 _c1994
300 _a32
600 _aकर्णिक रमेश
630 _a रविचंद्र ( इष्ट अनिष्ट फले मार्गदर्शन व उपासना )
700 _aकर्णिक रमेश
730 _a रविचंद्र ( इष्ट अनिष्ट फले मार्गदर्शन व उपासना )
942 _cBOOK
999 _c175525
_d175525